The Old Clock Book (Record no. 3793)

MARC details
000 -CABECERA
campo de control de longitud fija 00673nam a2200229 a 4500
001 - NÚMERO DE CONTROL
campo de control BRCA_4071
005 - FECHA Y HORA DE LA ÚLTIMA TRANSACCIÓN
campo de control 20190320204533.0
008 - DATOS DE LONGITUD FIJA--INFORMACIÓN GENERAL
campo de control de longitud fija 160210s1937----nyua######---#000-0#eng-#
041 ## - CÓDIGO DE LENGUA
Código de lengua del texto/banda sonora o título independiente eng
044 ## - CÓDIGO DEL PAÍS DE LA ENTIDAD EDITORA/PRODUCTORA
Código MARC del país nyu
050 #4 - SIGNATURA TOPOGRÁFICA DE LA BIBLIOTECA DEL CONGRESO
Número de clasificación NK2529
Número de documento/Ítem .M66 1937
100 1# - ENTRADA PRINCIPAL--NOMBRE DE PERSONA
Nombre de persona Moore Hudson, N.
9 (RLIN) 10546
245 10 - MENCIÓN DE TÍTULO
Título The Old Clock Book
Mención de responsabilidad, etc. by N. Hudson Moore.
260 ## - PUBLICACIÓN, DISTRIBUCIÓN, ETC.
Lugar de publicación, distribución, etc. Nueva York
Nombre del editor, distribuidor, etc. Tudor Publishing Company
Fecha de publicación, distribución, etc. 1937
300 ## - DESCRIPCIÓN FÍSICA
Extensión 339 p.
Otras características físicas il.
Dimensiones 21 cm.
500 ## - NOTA GENERAL
Nota general CEF31.
650 14 - PUNTO DE ACCESO ADICIONAL DE MATERIA--TÉRMINO DE MATERIA
Término de materia o nombre geográfico como elemento de entrada Mobiliario
Término indicativo de función/relación Obras maestras
Subdivisión de forma Historia
9 (RLIN) 10547
650 14 - PUNTO DE ACCESO ADICIONAL DE MATERIA--TÉRMINO DE MATERIA
Término de materia o nombre geográfico como elemento de entrada Reloj
Término indicativo de función/relación Obras maestras
Subdivisión de forma Historia
9 (RLIN) 10548
650 14 - PUNTO DE ACCESO ADICIONAL DE MATERIA--TÉRMINO DE MATERIA
Término de materia o nombre geográfico como elemento de entrada Decoración y ornamentación
Subdivisión cronológica Siglo XVII-XVIII
9 (RLIN) 10549
902 ## - CATALOGADOR
Iniciales GFM
942 ## - ELEMENTOS DE PUNTO DE ACCESO ADICIONAL (KOHA)
Fuente del sistema de clasificación o colocación Library of Congress Classification
Tipo de ítem Koha Libros
Holdings
Estado de retiro Estado de pérdida Estado dañado No para préstamo Localización permanente Ubicación/localización actual Fecha de adquisición Número de inventario Total de préstamos Signatura topográfica completa Código de barras Fecha visto por última vez Precio válido a partir de Tipo de ítem Koha
El ejemplar forma parte de la colección y puede ser consultado según las políticas vigentes.       Biblioteca del Museo Franz Mayer (Rogerio Casas-Alatriste) Biblioteca del Museo Franz Mayer (Rogerio Casas-Alatriste) 16/02/2010 CEF31.   NK2529 .M66 1937 (CEF31.) 4068 22/03/2019 22/03/2019 Libros